| 000 | 00356nam a2200133Ia 4500 | ||
|---|---|---|---|
| 008 | 151213s9999 xx 000 0 und d | ||
| 100 | _aRichard Gravil | ||
| 245 |
_aSamuel Taylor Coleridge Selected Poems _cRichard Gravil |
||
| 260 |
_aHarlow England _bLongman _c1982 |
||
| 300 | _a1854 p. | ||
| 650 | _aReference | ||
| 700 | _aRichard Gravil | ||
| 999 |
_c1359 _d1359 |
||